02110cam a22001938i 4500020001800000082001600018245011900034260003300153300001500186504005100201520142600252546001301678650003501691650002801726650005501754650005301809700002801862700002601890 a978036722447900a910.71bGEO00aGeography education in the digital world:blinking theory and practice /cedited by Nicola Walshe and Grace Healy. aNew York :bRoutledge,c2021 axix, 192p. aIncludes bibliographical references and index. a"Geography in a Digital Age draws on theory and practice to provide a critical exploration of the role and practice of geography education within the digital world. It considers how living within a digital world influences teacher identity and professionalism and is changing young people's lives. The book moves beyond the applied perspective of educational technology to engage with wider social and ethical issues of technology implementation and use of digital data within geography education. Situated at the intersection between research and practice, chapters draw on a wide range of theory to consider the role, adoption and potential challenges of a range of digital technologies in furthering geographical education for future generations. Bringing together academics from fields of geography, geography education and teacher education, it engages with four key themes within the digital world: Professional practice and personal identities ; Geographical sources and connections ; Geospatial technologies, and Geographical fieldwork. This is a crucial read for geographers, geography educators and geography teacher educators as well as those engaging with existing and new technologies to support geographical learning in the dynamic context of the digital world. It will also be of interest to any students, academics and policymakers wanting to better understand the impact of digital media on education"-- aEnglish. 0aGeographyxStudy and teaching. 0aEducational technology. 0aEducationxEffect of technological innovations on. 0aGeographyxStudy and teachingxAudio-visual aids1 aWalshe, Nicolaeeditor.1 aHealy, Graceeeditor.